| 000 | 00390nam a22001577a 4500 | ||
|---|---|---|---|
| 999 |
_c5813 _d5813 |
||
| 003 | GBCCL | ||
| 005 | 20241126110550.0 | ||
| 008 | 180409b ||||| |||| 00| 0 eng d | ||
| 040 | _cgbc | ||
| 082 |
_a234 _bHOW |
||
| 245 | _aHow much for a man? | ||
| 260 |
_aBombay: _bOperation Mobilisation India |
||
| 300 |
_a55 p.; _c18 cm. |
||
| 650 |
_aSalvation _vChristianity _910522 |
||
| 942 |
_2ddc _cBK |
||